JetPunk will be down very briefly at 3:00PM EST (12:00PM PST, 8:00PM GST)

Statistics for Biggest Cities in the United States with Exceptions

Click here to take the quiz!

General Stats

  • This quiz has been taken 96 times
    (61 since last reset)
  • The average score is 30 of 50

Answer Stats

PopulationCity% Correct
256,304Buffalo
92%
383,793Cleveland
92%
1,425,976San Diego
89%
392,890Tampa
89%
1,532,233San Antonio
89%
883,305San Francisco
89%
470,914Miami
86%
301,048Pittsburgh
86%
1,345,047Dallas
86%
472,688Colorado Springs
81%
285,713Orlando
78%
400,669Tulsa
76%
1,030,119San Jose
76%
302,605Cincinnati
76%
302,838Saint Louis
76%
682,669El Paso
73%
545,975Tucson
73%
650,618Memphis
70%
530,093Fresno
70%
294,722Greensboro
70%
895,008Fort Worth
68%
246,328Winston-Salem
65%
508,958Mesa
65%
429,082Oakland
65%
250,998Reno
59%
330,063Riverside
59%
323,780Lexington
57%
267,633Fort Wayne
57%
467,354Long Beach
54%
374,114Aurora
54%
383,579Bakersfield
54%
274,975Toledo
54%
274,291Durham
51%
352,005Anaheim
51%
310,390Henderson
49%
332,725Santa Ana
46%
265,098Saint Petersburg
46%
392,112Arlington
43%
311,178Stockton
43%
265,549Jersey City
43%
255,310Scottsdale
38%
271,651Chula Vista
35%
282,572Irvine
35%
326,554Corpus Christi
35%
250,702Glendale
32%
288,061Plano
32%
257,165Chandler
32%
255,885Lubbock
30%
248,279Gilbert
24%
261,639Laredo
24%

Score Distribution

Percentile by Number Answered

Percent of People with Each Score

Your Score History

You have not taken this quiz since the last reset